000 00858 a2200241 4500
010 _aENG-89043
020 _c200.00
_a812460407X
035 _aEN-72576
037 _bDBAD / PUB
082 1 4 _a181.46
090 _c9953
_d9953
100 1 _aVictor, P. George
245 1 _aLife and teachings of Adi Sankaracarya /
_cby P. George Victor
260 _aNew Delhi
_bD.K. Printworld
_c2002
270 _aRegd. Office: `Sri Kunj', F-52, Bali Nagar,
_bNew Delhi
_e110 015
300 _c22 cm ( Pbk.)
_axii, 172p.
490 _aAndhra University philosophical studies; no. 1
500 _aIncludes bibliographical references and index
650 _aSankaracarya
650 _aHindu philosophy in India
_xBiography
942 _cEN
_adpl
_k181.46 / VIC
999 _c9758
_d9758